Conversaciones,1972-1990 (Registro nro. 93205)

Detalles MARC
001 - NÚMERO DE CONTROL
campo de control 94235
005 - FECHA Y HORA DE LA ÚLTIMA TRANSACCIÓN
campo de control 20260506081748.0
008 - DATOS DE LONGITUD FIJA--INFORMACIÓN GENERAL
campo de control de longitud fija 960527s1995 spa
020 ## - NÚMERO INTERNACIONAL ESTÁNDAR DEL LIBRO
Número Internacional Estándar del Libro 848191021X
035 ## - NÚMERO DE CONTROL DEL SISTEMA
Número de control de sistema 94235
035 ## - NÚMERO DE CONTROL DEL SISTEMA
Número de control de sistema (OCoLC)431355753
040 ## - FUENTE DE LA CATALOGACIÓN
Centro/agencia transcriptor comduadb
041 ## - CÓDIGO DE LENGUA
Código de lengua del texto/banda sonora o título independiente spa
082 #4 - NÚMERO DE LA CLASIFICACIÓN DECIMAL DEWEY
Número de clasificación 194
100 10 - ENTRADA PRINCIPAL--NOMBRE DE PERSONA
Nombre de persona Deleuze, Gilles,
Fechas asociadas al nombre 1925-1995
Código de función aut
Número de control del registro de autoridad o número normalizado (isni)0000 0001 2277 323X
-- (viaf)22140703
Término indicativo de función/relación Autor/a
9 (RLIN) 504264
245 10 - MENCIÓN DE TÍTULO
Título Conversaciones,1972-1990
260 ## - PUBLICACIÓN, DISTRIBUCIÓN, ETC.
Lugar de publicación, distribución, etc. Barcelona :
Nombre del editor, distribuidor, etc. Pre-Textos,
Fecha de publicación, distribución, etc. 1995.
300 ## - DESCRIPCIÓN FÍSICA
Extensión 290 páginas
500 ## - NOTA GENERAL
Nota general Compra:Lib.Continental,feb./96.
650 #0 - PUNTO DE ACCESO ADICIONAL DE MATERIA--TÉRMINO DE MATERIA
Término de materia o nombre geográfico como elemento de entrada Cine
9 (RLIN) 43537
650 #7 - PUNTO DE ACCESO ADICIONAL DE MATERIA--TÉRMINO DE MATERIA
Término de materia o nombre geográfico como elemento de entrada Complejo de Edipo
Fuente del encabezamiento o término lemb
9 (RLIN) 1004
650 #7 - PUNTO DE ACCESO ADICIONAL DE MATERIA--TÉRMINO DE MATERIA
Término de materia o nombre geográfico como elemento de entrada Filosofía francesa
Fuente del encabezamiento o término lemb
9 (RLIN) 551
650 ## - PUNTO DE ACCESO ADICIONAL DE MATERIA--TÉRMINO DE MATERIA
Término de materia o nombre geográfico como elemento de entrada Foucault, Michel, 1926-1984 - Pensamiento político y social
9 (RLIN) 41566
942 ## - ELEMENTOS DE ENTRADA AGREGADA (KOHA)
Tipo de ítem Koha Libros
Existencias
Estado de retiro Estado de pérdida Fuente del sistema de clasificación o colocación Estado dañado No para préstamo Código de colección Localización permanente Ubicación/localización actual Fecha de adquisición Número de inventario Total de préstamos Renovaciones totales Signatura topográfica completa Código de barras Fecha visto por última vez Fecha del último préstamo Número de copia Precio válido a partir de Tipo de ítem Koha Fuente de adquisición Coste, precio normal de compra
    Clasificación Decimal Dewey     Colección General Piso 2 Biblioteca Carlos Gaviria Díaz, Campus Medellín Biblioteca Carlos Gaviria Díaz, Campus Medellín 02/07/1997 C146246 3 1 194 D348c 61000000248399 19/12/2025 03/10/2025 1 22/04/2023 Libros    
          Colección General Piso 2 Biblioteca Carlos Gaviria Díaz, Campus Medellín Biblioteca Carlos Gaviria Díaz, Campus Medellín 02/07/1997 C146247     194 D348c e2 61000000249777 22/04/2023   2 22/04/2023 Libros    
          Colección General Piso 2 Biblioteca Carlos Gaviria Díaz, Campus Medellín Biblioteca Carlos Gaviria Díaz, Campus Medellín 08/07/1997 C146248 2   194 D348c e3 61000000278859 23/11/2024 19/10/2024 3 22/04/2023 Libros    
    Clasificación Decimal Dewey     Colección General Piso 2 Biblioteca Carlos Gaviria Díaz, Campus Medellín Biblioteca Carlos Gaviria Díaz, Campus Medellín 03/05/1999 C146249 1   194 D348c e4 6-10000003303121 23/09/2024 31/08/2024 4 22/04/2023 Libros    
          Colección General Piso 2 Biblioteca Carlos Gaviria Díaz, Campus Medellín Biblioteca Carlos Gaviria Díaz, Campus Medellín 21/12/1998 C167311     194 D348c e5 61000001948716 22/04/2023   5 22/04/2023 Libros    
          Colección General Piso 2 Biblioteca Carlos Gaviria Díaz, Campus Medellín Biblioteca Carlos Gaviria Díaz, Campus Medellín 11/06/1997 C185463     194 D348c e6 61000000893491 22/04/2023   6 22/04/2023 Libros Otros proveedores 37300.00